000 00562nam a2200193Ia 4500
005 20250326143308.0
008 250326s9999 xx 000 0 und d
020 _a0-333-45765-X
037 _aTextbook
040 _aFMSL
_beng
_cFMSL
041 _aeng
_2eng
084 _aX8(D5133):8 N7
_qFMSL
100 _aWickens Peter
_9649382
245 0 _aRoad to Nissan: flexibility, quality, teamwork
_cWickens Peter
260 _aLondon
_bLondon, Macmillan
_c1997
300 _axii,202
942 _cTB
_hX8(D5133):8 N7
999 _c1298956
_d1298956